000 00522nam a2200181Ia 4500
999 _c14662
_d14662
003 OSt
005 20201027120220.0
008 190216s9999||||xx |||||||||||||| ||und||
020 _a9780140157567
040 _coclc
082 _a863
_bMAR/C
100 _aMarquez, Gabriel Garcia
_95316
245 0 _aCollected Stories /
_cGabriel Garcia Marquez
260 _bPenguin Books ,
_c1996.
_aLondon:
300 _a296p
650 _aEnglish-Fiction English
942 _cBK
_2ddc
_h863
_iMAR/C
_k863
_mMAR/C